| 000 | 00823nam a2200217Ia 4500 | ||
|---|---|---|---|
| 999 |
_c40272 _d40272 |
||
| 001 | 6880 | ||
| 003 | GE_BSU | ||
| 005 | 20200203164904.0 | ||
| 008 | 181216s1973||||ge |||||||||||||| ||ge || | ||
| 040 | _cGE_BSU | ||
| 041 | _ageo | ||
| 080 | _a821.353.1-1 გ-69 | ||
| 100 |
_aგორგაძე, ვასო. _96730 |
||
| 245 |
_aრჩეული : _bლექსების კრებული / _cვასო გორგაძე ; რედ. მ. ქოიავა. |
||
| 264 |
_aთბილისი : _bმერანი, _c1973. |
||
| 300 |
_a195 გვ. : _bფოტო-პორტრეტი ; _c21 სმ. |
||
| 653 | _aრჩეული. | ||
| 653 | _aლექსების კრებული | ||
| 700 |
_aქოიავა, მ. _eრედაქტორი _94864 |
||
| 942 |
_cBK _2udc |
||